Venise en images - Statistiques

Statistiques générales
  • Ce quiz a été pris 97 fois
  • Le résultat moyen est 9 sur 15
Statistiques - réponses
Par images Hint Réponse % Correct
Fête Carnaval
93%
Barque vénitienne Gondole
91%
Place Place Saint-Marc
83%
Symbole de la ville Lion de saint Marc
79%
Pont Pont du Rialto
65%
Compositeur de musique Antonio Vivaldi
63%
Cocktail Spritz
63%
Île Burano
60%
Palais Palais des Doges
60%
Pont Pont des Soupirs
60%
Région Vénétie
56%
Explorateur Marco Polo
51%
Tour Campanile
40%
Festival de cinéma Mostra de Venise
36%
Club de football Venezia FC
29%
Aucun quiz correspondant
Distribution des résultats
% des personnes avec chaque résultat
Percentile par nombre de réponses
Votre historique - résultats
Vous n’avez pas pris ce quiz